<?xml version="1.0" encoding="UTF-8"?><?xml-stylesheet type="text/xsl" href="static/style.xsl"?><OAI-PMH xmlns="http://www.openarchives.org/OAI/2.0/" xmlns:xsi="http://www.w3.org/2001/XMLSchema-instance" xsi:schemaLocation="http://www.openarchives.org/OAI/2.0/ http://www.openarchives.org/OAI/2.0/OAI-PMH.xsd"><responseDate>2026-06-01T09:21:51Z</responseDate><request verb="GetRecord" identifier="oai:riuma.uma.es:10630/19222" metadataPrefix="marc">https://riuma.uma.es/rest/oai/request</request><GetRecord><record><header><identifier>oai:riuma.uma.es:10630/19222</identifier><datestamp>2026-02-03T10:24:07Z</datestamp><setSpec>com_10630_1685</setSpec><setSpec>col_10630_38055</setSpec></header><metadata><record xmlns="http://www.loc.gov/MARC21/slim" xmlns:dcterms="http://purl.org/dc/terms/" xmlns:doc="http://www.lyncode.com/xoai" xmlns:xsi="http://www.w3.org/2001/XMLSchema-instance" xsi:schemaLocation="http://www.loc.gov/MARC21/slim http://www.loc.gov/standards/marcxml/schema/MARC21slim.xsd">
   <leader>00925njm 22002777a 4500</leader>
   <datafield ind2=" " ind1=" " tag="042">
      <subfield code="a">dc</subfield>
   </datafield>
   <datafield ind2=" " ind1=" " tag="720">
      <subfield code="a">Pérez-García, Juan Carlos</subfield>
      <subfield code="e">author</subfield>
   </datafield>
   <datafield ind2=" " ind1=" " tag="260">
      <subfield code="c">2020-01-24</subfield>
   </datafield>
   <datafield ind2=" " ind1=" " tag="520">
      <subfield code="a">El presente trabajo se compone de dos novelas gráficas: El vecino. Historias y El vecino 4,&#xd;
realizadas en colaboración con el guionista madrileño Santiago García. El vecino. Historias,&#xd;
terminada por completo y lista para imprenta (160 páginas a color), es la nueva entrega de la serie&#xd;
de novelas gráficas El vecino. Aunque se sitúe al margen de la historia principal, el volumen amplía&#xd;
el universo narrativo de la saga profundizando en personajes ya existentes junto con otros nuevos, a&#xd;
través de historietas breves de diversa extensión; algunas ya publicadas en diversas revistas, otras&#xd;
inéditas. Todas estas historias juegan con los recursos formales del cómic, sus convenciones y&#xd;
formatos tradicionales, a menudo desde una perspectiva metalingüística bajo la que cada historieta&#xd;
se plantea como un laboratorio creativo en el que investigar desafíos formales y experimentar con&#xd;
diferentes recursos artísticos. El vecino 4 es el cuarto tomo de la serie, aún en proceso pero ya muy&#xd;
avanzado (272 páginas a color), continúa la narración principal de la serie introduciendo un nuevo&#xd;
giro narrativo, en contenido y forma. Con un planteamiento predominantemente visual, en contraste&#xd;
con los tres libros previos, este cuarto volumen parte de una perspectiva autorreflexiva sobre los&#xd;
códigos del género de superhéroes, con el objetivo de desplazar el significado de sus tópicos de&#xd;
ficción para cuestionar su sentido, y adopta una forma mutante y experimental.&#xd;
La presente memoria documenta tanto el proceso de investigación teórica (conceptual y de&#xd;
referentes artísticos) como de experimentación y producción plástica para ambas novelas gráficas.</subfield>
   </datafield>
   <datafield ind1="8" ind2=" " tag="024">
      <subfield code="a">https://hdl.handle.net/10630/19222</subfield>
   </datafield>
   <datafield tag="653" ind2=" " ind1=" ">
      <subfield code="a">Bellas Artes - Trabajos Fin de Grado</subfield>
   </datafield>
   <datafield tag="653" ind2=" " ind1=" ">
      <subfield code="a">Grado en Bellas Artes - Trabajos Fin de Grado</subfield>
   </datafield>
   <datafield tag="653" ind2=" " ind1=" ">
      <subfield code="a">Arte</subfield>
   </datafield>
   <datafield tag="653" ind2=" " ind1=" ">
      <subfield code="a">Cómics</subfield>
   </datafield>
   <datafield ind2="0" ind1="0" tag="245">
      <subfield code="a">El vecino. Historias. El vecino 4: (dos novelas gráficas) = The neighbour. Stories. The neighbour 4: (two grafiphic novels)</subfield>
   </datafield>
</record>
</metadata></record></GetRecord></OAI-PMH>